Southville International School and Colleges
Your cart is empty.
  • Cart
  • Lists
    Public lists Eva Luna New books Lux_list list_1
    Your lists Log in to create your own lists
  • Log in to your account
  • Your cookies
  • Search history
Southville International School and Colleges
  • Advanced search
  • Recent comments
  • Most popular
  • Libraries

Log in to your account

Log in with GOOGLE


If you do not have an external account, but do have a local account, you can still log in:

  1. Home
  2. MARC view: "Si Ninya": ang pintaserang sirena /
Normal view MARC view ISBD view

"Si Ninya": ang pintaserang sirena / (Record no. 104309)

[ view plain ]
MARC details
000 -LEADER
fixed length control field 00524nam a2200169 a 4500
005 - DATE AND TIME OF LATEST TRANSACTION
control field 20140412111318.0
008 - FIXED-LENGTH DATA ELEMENTS--GENERAL INFORMATION
fixed length control field 010323s19uu xx 00 eng d
020 ## - INTERNATIONAL STANDARD BOOK NUMBER
International Standard Book Number 971-360-354-0
050 ## - LIBRARY OF CONGRESS CALL NUMBER
Classification number Fil 398.21
Item number C987 1994
100 ## - MAIN ENTRY--PERSONAL NAME
Personal name Custodio, R. M.
245 ## - TITLE STATEMENT
Title "Si Ninya": ang pintaserang sirena /
Statement of responsibility, etc story by R. M. Custodio.
260 ## - PUBLICATION, DISTRIBUTION, ETC. (IMPRINT)
Place of publication, distribution, etc Valenzuela, Metro Manila :
Name of publisher, distributor, etc S. G. E. Printers,
Date of publication, distribution, etc 1994.
300 ## - PHYSICAL DESCRIPTION
Extent 30 p. ; ill.
650 ## - SUBJECT ADDED ENTRY--TOPICAL TERM
Topical term or geographic name as entry element Children stories, Filipino
650 ## - SUBJECT ADDED ENTRY--TOPICAL TERM
Topical term or geographic name as entry element Mermaid stories, Filipino
Holdings
Withdrawn status Lost status Damaged status Use restrictions Home library Current library Shelving location Date acquired Source of acquisition Total Checkouts Full call number Barcode Date last seen Price effective from Koha item type
        Elizalde Library Elizalde Library Filipiniana Section 03/23/2001     Fil 398.21 C987 1994 E7338 04/12/2014 04/12/2014 Books

"Si Ninya": ang pintaserang sirena /

APA

Custodio R. M., . (1994). "Si Ninya": ang pintaserang sirena. Valenzuela, Metro Manila: S. G. E. Printers.

Chicago

Custodio R M, . 1994. "Si Ninya": ang pintaserang sirena. Valenzuela, Metro Manila: S. G. E. Printers.

Harvard

Custodio R. M., . (1994). "Si Ninya": ang pintaserang sirena. Valenzuela, Metro Manila: S. G. E. Printers.

MLA

Custodio R M, . "Si Ninya": ang pintaserang sirena. Valenzuela, Metro Manila: S. G. E. Printers. 1994.

  • Place hold
  • Print
  • Cite
  • Add to your cart (remove)
  • Save record
    BIBTEX Dublin Core MARCXML MARC (non-Unicode/MARC-8) MARC (Unicode/UTF-8) MARC (Unicode/UTF-8, Standard) MODS (XML) RIS
  • More searches
    Search for this title in:
    Other Libraries (WorldCat) Other Databases (Google Scholar) Online Stores (Bookfinder.com) Open Library (openlibrary.org)

Exporting to Dublin Core...

SOUTHVILLE LIBRARY

Southville International School and Colleges Library

1281 Tropical Ave. Cor. Luxembourg St., BF Homes International, Las Pinas City

Tel. No. 8256374 / 252358 Loc. 117/146

Powered by Koha